Br̥hatsaṃhitā = : (Record no. 19542)
[ view plain ]
| 000 -LEADER | |
|---|---|
| fixed length control field | 01085cam a2200325 a 4500 |
| 001 - CONTROL NUMBER | |
| control field | 2803637 |
| 003 - CONTROL NUMBER IDENTIFIER | |
| control field | BDDh-ASL |
| 005 - DATE AND TIME OF LATEST TRANSACTION | |
| control field | 20231015025804.0 |
| 008 - FIXED-LENGTH DATA ELEMENTS--GENERAL INFORMATION | |
| fixed length control field | 820812m19811982ii b 001 0 eng |
| 010 ## - LIBRARY OF CONGRESS CONTROL NUMBER | |
| LC control number | 81903737 |
| 020 ## - INTERNATIONAL STANDARD BOOK NUMBER | |
| International Standard Book Number | 0895811162 (v. 2) |
| 020 ## - INTERNATIONAL STANDARD BOOK NUMBER | |
| Terms of availability | Rs110.00 (v. 1) |
| 040 ## - CATALOGING SOURCE | |
| Original cataloging agency | DLC |
| Transcribing agency | DLC |
| Modifying agency | BDDh-ASL |
| 041 0# - LANGUAGE CODE | |
| Language code of text/sound track or separate title | engsan |
| 050 00 - LIBRARY OF CONGRESS CALL NUMBER | |
| Classification number | BF1714.H5 |
| Item number | V2713 1981 |
| 082 00 - DEWEY DECIMAL CLASSIFICATION NUMBER | |
| Classification number | 133.5 |
| Edition number | 19 |
| Item number | BHV |
| 100 0# - MAIN ENTRY--PERSONAL NAME | |
| Personal name | Varāhamihira, |
| Dates associated with a name | 505-587. |
| 240 10 - UNIFORM TITLE | |
| Uniform title | Br̥hatsaṃhitā. |
| Language of a work | English & Sanskrit |
| 245 10 - TITLE STATEMENT | |
| Title | Br̥hatsaṃhitā = : |
| Remainder of title | Varāhamihira's Bṛhat saṁhitā / |
| Statement of responsibility, etc. | with English translation, exhaustive notes, and literary comments, M. Ramakrishna Bhat. |
| 250 ## - EDITION STATEMENT | |
| Edition statement | 1st ed. |
| 260 ## - PUBLICATION, DISTRIBUTION, ETC. | |
| Place of publication, distribution, etc. | Delhi : |
| Name of publisher, distributor, etc. | Motilal Banarsidass, |
| Date of publication, distribution, etc. | 1981-1982. |
| 300 ## - PHYSICAL DESCRIPTION | |
| Extent | 2 v. ; |
| Dimensions | 23 cm. |
| 500 ## - GENERAL NOTE | |
| General note | English and Sanskrit. |
| 500 ## - GENERAL NOTE | |
| General note | Vol. 2 issued without edition statement. |
| 504 ## - BIBLIOGRAPHY, ETC. NOTE | |
| Bibliography, etc. note | Includes bibliographical references and indexes. |
| 650 #0 - SUBJECT ADDED ENTRY--TOPICAL TERM | |
| Topical term or geographic name entry element | Hindu astrology. |
| 700 2# - ADDED ENTRY--PERSONAL NAME | |
| Personal name | Ramakrishna Bhat, M. |
| 906 ## - LOCAL DATA ELEMENT F, LDF (RLIN) | |
| a | 7 |
| b | cbc |
| c | orignew |
| d | 4 |
| e | ncip |
| f | 19 |
| g | y-gencatlg |
| 942 ## - ADDED ENTRY ELEMENTS (KOHA) | |
| Source of classification or shelving scheme | Dewey Decimal Classification |
| Koha item type | Books |
| Withdrawn status | Lost status | Source of classification or shelving scheme | Damaged status | Not for loan | Collection code | Home library | Current library | Shelving location | Date acquired | Source of acquisition | Total Checkouts | Full call number | Barcode | Date last seen | Copy number | Price effective from | Koha item type | Public note |
|---|---|---|---|---|---|---|---|---|---|---|---|---|---|---|---|---|---|---|
| Dewey Decimal Classification | Not For Loan | Non-fiction | Asiatic Society Library | Asiatic Society Library | Ludden Collection | 12/08/2020 | Donated by Prof. David Ludden | 133.5 BHV | 102888 | 12/08/2020 | C-1 | 12/08/2020 | Books | RARE |